000 00576nam a22002057a 4500
003 OSt
005 20140310182947.0
008 130205t xxu||||| |||| 00| 0 eng d
020 _a9710868675
050 _aLB 14.7
_b.T821F1 2008
100 _aTulio, Doris D.
245 _aFoundations of education 1 :
_bpsychological, anthropological, sociological /
_cDoris Tulio.
260 _aMandaluyong City :
_bNational Book Store,
_c2008.
300 _a260 p. :
_c26 cm.
521 _aEDU
650 _aEducation
942 _2lcc
_cBK
_kLOC
999 _c17833
_d17833